000 00623cam a2200205 4500500
005 20260329003105.0
041 _afre
042 _adc
100 1 0 _aCharolles, Valérie
_eauthor
245 0 0 _aVolkswagen Hover Car (2012). Le jeu avec la réalité
260 _c2014.
500 _a70
690 _aChine
690 _aLévitation
690 _aValérie Charolles
690 _aVoiture
690 _aVolkswagen
786 0 _nPhilosophie magazine | 83 | 10 | 2014-10-01 | p. 14-14 | 1951-1787
856 4 1 _uhttps://shs.cairn.info/magazine-philosophie-magazine-2014-10-page-14?lang=fr&redirect-ssocas=7080
999 _c1821349
_d1821349